01095cam a22002531 4500001001300000003000400013005001700017008004100034010002300075040003700098050003900135110003700174245019800211260004400409300002700453350000900480490002900489490005700518610004700575710004700622740003000669830008500699830005700784pa 68000014 DLC20260227111857.0710901s1967 dcu 00010 eng c apa 68000014 //r896 aPan American Union. LibrarydDLC0 aF1405.5 1959b.O7 OEA/ser.A2/add.220aOrganization of American States.10aProtocol of amendment to the charter of the Organization of American States, "Protocol of Buenos Aires,"bwith the corresponding articles of the charter now in force and the charter as amended.0 aWashington,bPan American Union,c1967. aiv, 58 p.c22 x 28 cm. a0.501 aTreaty series ;vno. 1-B1 aOAS official records ;vOEA/Ser.A/2, add.2 (English)20aOrganization of American States.tCharter.20aOrganization of American States.tCharter.01aProtocol of Buenos Aires. 0aTreaty series (Organization of American States. General Secretariat) ;vno. 1-B. 0aOAS official records ;vOEA/Ser.A/2, add.2 (English)